000 00553nam a22002052 4500
001 0000009591
005 20151217152058.0
008 081111s xx 000 0 eng d
020 _cDonation
040 _aKABU
_cKABU
100 1 _aBrown, Ivor.
_@0000161308
245 1 0 _aShakespeare /
_cby Ivor Brown.
250 _aSpecial ed.
260 _aNew York :
_bTime,
_c1962.
300 _axi, 393 p.
600 1 0 _aShakespeare, William,
_d1564-1616.
_@0000000547
908 _a081111
950 _@1
999 _c7985
_d7985